000 00310nam a22001337a 4500
008 181025b xxu||||| |||| 00| 0 eng d
020 _a9780262072090
041 _aeng
080 _a321
100 _a21
101 _aPOL
245 _aGlobal Conflicting National Intesests
_cGomory.R.E
942 _2udc
_cBK
999 _c50927
_d50927